000 00494nam a2200193Ia 4500
008 180207s9999 xx 000 0 und d
020 _a9780439867986
050 _bA547 2001
100 _aAnderson, J. I.
245 _aDogs and puppies /
245 _cby J. I. Anderson ; illustrated by Janice Kinnealy.
260 _aNew York :
260 _bScholastic,
260 _c2001
300 _a47 pages :
300 _bchiefly colored ;
300 _c17cm.
440 _aI can read about.
999 _c355733
_d355733